American English I. Book 2. Tasks 25-48 /

Na minha lista:
Detalhes bibliográficos
Autor principal: Cornelius, Edwin T (Author)
Formato: Livro
Idioma:inglês
Publicado em: Praha : ÚLEHLA, 1990
Edição:1.vyd.
Tags: Adicionar Tag
Sem tags, seja o primeiro a adicionar uma tag!

MARC

LEADER 00000nam a22000003a 4500
001 stu776
005 20150617225618.9
008 911114s1990----cs------------------eng-d
020 |a 80-900116-5-9 
020 |a 80-900116-1-6 
040 |a STU  |b slo 
041 0 |a eng 
044 |a cs 
080 |a 802.0(075) 
100 1 |a Cornelius, Edwin T  |4 aut 
245 1 |a American English I. Book 2. Tasks 25-48 /  |c [aut.] Cornelius,Edwin T 
250 |a 1.vyd. 
260 |a Praha :  |b ÚLEHLA,  |c 1990 
300 |a 166 s 
996 |b 284EK83356  |c E*83356  |l EE01  |s A  |a 24  |w stu776_0001